Solid state chemistry techniques / (Record no. 6685)

MARC details
000 -LEADER
fixed length control field 00583nam a22002057a 4500
003 - CONTROL NUMBER IDENTIFIER
control field OSt
005 - DATE AND TIME OF LATEST TRANSACTION
control field 20200302131217.0
008 - FIXED-LENGTH DATA ELEMENTS--GENERAL INFORMATION
fixed length control field 200302b ||||| |||| 00| 0 eng d
020 ## - INTERNATIONAL STANDARD BOOK NUMBER
International Standard Book Number 0198552866
040 ## - CATALOGING SOURCE
Transcribing agency 040a
082 ## - DEWEY DECIMAL CLASSIFICATION NUMBER
Classification number 541
Item number SOL 1987
245 ## - TITLE STATEMENT
Title Solid state chemistry techniques /
Statement of responsibility, etc. A. K. Cheetham, Peter Day
260 ## - PUBLICATION, DISTRIBUTION, ETC. (IMPRINT)
Place of publication, distribution, etc. Oxford
Name of publisher, distributor, etc. Clarendon press
Date of publication, distribution, etc. 1987
300 ## - PHYSICAL DESCRIPTION
Extent xvi, 398p;
Other physical details ill :
Dimensions 20 cm.
504 ## - BIBLIOGRAPHY, ETC. NOTE
Bibliography, etc Includes bibliographical references and index
650 ## - SUBJECT ADDED ENTRY--TOPICAL TERM
Source of heading or term Chemistry
700 ## - ADDED ENTRY--PERSONAL NAME
Personal name Cheetham, A.K
9 (RLIN) 13745
700 ## - ADDED ENTRY--PERSONAL NAME
Personal name Day, Peter
9 (RLIN) 13746
942 ## - ADDED ENTRY ELEMENTS (KOHA)
Source of classification or shelving scheme Dewey Decimal Classification
Koha item type Open Shelf
Holdings
Withdrawn status Lost status Source of classification or shelving scheme Damaged status Not for loan Home library Current library Date acquired Source of acquisition Inventory number Total Checkouts Full call number Barcode Date last seen Price effective from Koha item type
    Dewey Decimal Classification     MUST Main Library MUST Main Library 02/03/2020 Donation 2004/22018   541 SOL 1987 2020-0610 02/03/2020 02/03/2020 Open Shelf